[Event "Sparkassen-Open A"]
[Site "Heusenstamm, Martinsee"]
[Date "2016.11.27"]
[Round "6.58"]
[White "Thomele, Michael"]
[Black "Flach, Erich"]
[Result "0-1"]
[WhiteElo "1928"]
[BlackElo "2062"]
[PlyCount "52"]
[EventDate "2016.??.??"]
[WhiteTeam "SC Obernau"]
[BlackTeam "SK Langen"]

1. e4 c5 2. Nf3 e6 3. d4 cxd4 4. c3 Nf6 5. e5 Nd5 6. cxd4 b6 7. a3 Qc7 8. Bd3
d6 9. O-O Nd7 10. Re1 Bb7 11. Bd2 Rc8 12. Nc3 Nxc3 13. Bxc3 dxe5 14. dxe5 Be7
15. Rc1 O-O 16. Qc2 Bxf3 17. Bxh7+ Kh8 18. gxf3 g6 19. Bxg6 Rg8 20. Re4 Rxg6+
21. Rg4 Rcg8 22. Qe4 Nc5 23. Qc4 Qb7 24. Qe2 Ne4 25. Be1 Ng5 26. Rg3 Nxf3+ 0-1

[Event "Sparkassen-Open A"]
[Site "Heusenstamm, Martinsee"]
[Date "2016.11.27"]
[Round "6.59"]
[White "Hentzgen, Thomas"]
[Black "Marchese, Gaspare"]
[Result "1-0"]
[WhiteElo "2042"]
[BlackElo "1933"]
[PlyCount "121"]
[EventDate "2016.??.??"]
[WhiteTeam "USV Halle"]
[BlackTeam "SC Matt im Park"]

1. c4 e5 2. Nc3 Nc6 3. g3 Nf6 4. Bg2 Bc5 5. e3 a6 6. a3 d6 7. Nge2 Bg4 8. h3
Bh5 9. b4 Ba7 10. b5 axb5 11. cxb5 Na5 12. Qa4 Bb6 13. O-O O-O 14. f4 exf4 15.
Nxf4 Bg6 16. Nxg6 hxg6 17. Kh2 c6 18. bxc6 Nxc6 19. Qc4 Ra5 20. Nd5 Ne5 21. Qb3
Nfd7 22. Rb1 Ra6 23. Bb2 Nc5 24. Qc2 Ned7 25. Nxb6 Nxb6 26. d4 Ncd7 27. Bxb7
Ra7 28. Bg2 Rc7 29. Qd3 Qg5 30. Rbc1 Rfc8 31. Rxc7 Rxc7 32. Rc1 Rxc1 33. Bxc1
Qa5 34. Bd2 Qa4 35. Bb4 d5 36. e4 dxe4 37. Qxe4 Qd1 38. Bc5 Qb3 39. Qe8+ Kh7
40. Bxb6 Nxb6 41. Qc6 Nc4 42. a4 Ne3 43. a5 Qa2 44. Qf3 Nxg2 45. Qxg2 Qxa5 46.
h4 Kg8 47. d5 Qc5 48. Qe4 Kf8 49. Kg2 Qe7 50. Qxe7+ Kxe7 51. Kf3 Kd6 52. Ke4 f6
53. Kd4 g5 54. hxg5 fxg5 55. g4 Kd7 56. Ke5 Ke7 57. d6+ Kd7 58. Kd5 Kd8 59. Ke6
Ke8 60. d7+ Kd8 61. Kd6 1-0

[Event "Sparkassen-Open A"]
[Site "Heusenstamm, Martinsee"]
[Date "2016.11.27"]
[Round "6.60"]
[White "Kuhn, Gerhard"]
[Black "Modric, Vladimir"]
[Result "1-0"]
[WhiteElo "2030"]
[BlackElo "1928"]
[PlyCount "61"]
[EventDate "2016.??.??"]
[WhiteTeam "SK Marburg"]
[BlackTeam "SC Nied"]

1. e4 c6 2. d4 d5 3. exd5 cxd5 4. Bd3 Nc6 5. c3 Qc7 6. Nf3 Nf6 7. O-O e6 8. Re1
Be7 9. Bg5 O-O 10. Nbd2 Bd7 11. Ne5 a6 12. Qf3 b5 13. Qh3 g6 14. Qh4 Qd8 15.
Nxc6 Bxc6 16. Re3 Ra7 17. g4 h5 18. h3 Kg7 19. f4 Rh8 20. Qg3 hxg4 21. hxg4 Ne4
22. Bxe7 Rxe7 23. Nxe4 dxe4 24. Bxe4 Bxe4 25. Rxe4 Qd5 26. Rae1 Qxa2 27. f5 Qd5
28. Kf2 g5 29. Re5 Qa2 30. fxe6 Qxb2+ 31. R5e2 1-0

[Event "Sparkassen-Open A"]
[Site "Heusenstamm, Martinsee"]
[Date "2016.11.27"]
[Round "6.61"]
[White "Schmitt, Carsten"]
[Black "Bogucanin, Mirsad"]
[Result "0-1"]
[WhiteElo "2025"]
[BlackElo "1923"]
[PlyCount "82"]
[EventDate "2016.??.??"]
[WhiteTeam "SV Bergwinkel"]
[BlackTeam "VSG Offenbach"]

1. c4 Nf6 2. g3 c6 3. Bg2 d5 4. Nf3 Bf5 5. Qb3 Qb6 6. d3 Qxb3 7. axb3 e6 8. Be3
Na6 9. O-O Bc5 10. Bxc5 Nxc5 11. b4 Ncd7 12. b3 Ke7 13. Nbd2 a6 14. Ra2 h6 15.
Rfa1 Rab8 16. Re1 Rhd8 17. e4 dxe4 18. dxe4 Bg4 19. e5 Ne8 20. c5 Bxf3 21. Bxf3
Nc7 22. Nc4 Nf8 23. Nd6 Ng6 24. h4 Kf8 25. Bh5 Nh8 26. f4 Nd5 27. Rf2 Nxb4 28.
f5 Nd3 29. Ref1 Nxf2 30. Rxf2 exf5 31. Nxf7 Nxf7 32. Rxf5 Ke7 33. Rxf7+ Ke6 34.
Rxg7 Kxe5 35. Re7+ Kd4 36. g4 Kxc5 37. Bf7 Rd4 38. Re5+ Kb4 39. Bh5 Kxb3 40.
Re6 Rh8 41. Kf2 a5 0-1

[Event "Sparkassen-Open A"]
[Site "Heusenstamm, Martinsee"]
[Date "2016.11.27"]
[Round "6.62"]
[White "Trumpp, Lothar"]
[Black "Sauer, Bernd"]
[Result "1-0"]
[WhiteElo "2020"]
[BlackElo "1834"]
[PlyCount "77"]
[EventDate "2016.??.??"]
[WhiteTeam "VSG Offenbach"]
[BlackTeam "SF Katernberg"]

1. Nc3 d5 2. e4 dxe4 3. Nxe4 Bf5 4. Ng3 Bg6 5. Nf3 Nd7 6. Nh4 Ngf6 7. Nxg6 hxg6
8. d4 c6 9. Bd3 Qc7 10. O-O e6 11. h3 Bd6 12. Ne4 Nxe4 13. Bxe4 Nf6 14. Bf3
O-O-O 15. Be3 Nd5 16. Bxd5 Bh2+ 17. Kh1 Rxd5 18. f4 Bg3 19. c4 Rdh5 20. d5 g5
21. dxe6 fxe6 22. fxg5 Rxh3+ 23. gxh3 Rxh3+ 24. Kg2 Bf2 25. Rxf2 Qg3+ 26. Kf1
Rh1+ 27. Ke2 Qg4+ 28. Rf3 Qxc4+ 29. Qd3 Qxd3+ 30. Kxd3 Rxa1 31. Rf8+ Kd7 32.
Rf7+ Kd6 33. Rxg7 Rxa2 34. Rxb7 Ra4 35. b4 a5 36. g6 axb4 37. g7 Ra8 38. Rf7
Rg8 39. Bh6 1-0

[Event "Sparkassen-Open A"]
[Site "Heusenstamm, Martinsee"]
[Date "2016.11.27"]
[Round "6.63"]
[White "Oltzen, Samuel"]
[Black "Diez, Gerhard"]
[Result "1/2-1/2"]
[WhiteElo "1850"]
[BlackElo "2016"]
[PlyCount "97"]
[EventDate "2016.??.??"]
[WhiteTeam "Lübecker SV"]
[BlackTeam "SC Bad Nauheim"]

1. e4 c5 2. Nf3 a6 3. c3 e6 4. d4 d5 5. dxc5 Bxc5 6. exd5 Nf6 7. dxe6 Qxd1+ 8.
Kxd1 Bxe6 9. Bg5 Ne4 10. Bh4 Bxf2 11. Kc2 Bxh4 12. Nxh4 Nc6 13. Nd2 Nf2 14. Rg1
Rc8 15. Re1 O-O 16. Kb1 g5 17. Nhf3 Rfd8 18. Nb3 Re8 19. Be2 Ne4 20. Bd3 Bf5
21. Bc2 h6 22. Nc5 Nxc5 23. Bxf5 Rcd8 24. Rxe8+ Rxe8 25. Re1 Rxe1+ 26. Nxe1 Ne7
27. Bc2 f5 28. b4 Nd7 29. Kb2 Kf7 30. c4 Kf6 31. Kc3 h5 32. a4 h4 33. b5 axb5
34. axb5 b6 35. Nd3 f4 36. Nb4 Nc5 37. Na6 Nd7 38. Nb4 Nc5 39. Kd4 Ne6+ 40. Kc3
Nc5 41. Nd3 Nd7 42. Nf2 Ke5 43. Ng4+ Kd6 44. h3 Ne5 45. Nf2 Nf7 46. Ne4+ Ke5
47. Nf2 Kd6 48. Be4 Ke5 49. Bc2 1/2-1/2

[Event "Sparkassen-Open A"]
[Site "Heusenstamm, Martinsee"]
[Date "2016.11.27"]
[Round "6.64"]
[White "Martin, Reiner"]
[Black "Altenbernd, Dirk"]
[Result "1/2-1/2"]
[WhiteElo "2014"]
[BlackElo "1902"]
[PlyCount "168"]
[EventDate "2016.??.??"]
[WhiteTeam "SC Bad Soden"]
[BlackTeam "SG Osnabrück"]

1. Nf3 g6 2. c4 Bg7 3. g3 d6 4. Bg2 c6 5. d4 e5 6. Nc3 Nd7 7. O-O Ngf6 8. e4
O-O 9. h3 h6 10. Be3 Re8 11. Re1 Qe7 12. d5 c5 13. Rf1 Nf8 14. Ne1 Kh7 15. Nd3
Ng8 16. Kh2 g5 17. Bf3 Bd7 18. Bg4 Ng6 19. Ne1 Rf8 20. Qc2 Bxg4 21. hxg4 Nf6
22. Qe2 Qd7 23. f3 Ne8 24. Kg2 Rh8 25. Rh1 Kg8 26. Nc2 a6 27. Bd2 Rb8 28. a4 b6
29. Ne3 Ne7 30. Ra3 a5 31. Rb3 Nc7 32. Nb5 Na6 33. Ra3 Bf6 34. Raa1 Kg7 35. Rh5
Rh7 36. Rah1 Rbh8 37. Kf2 Nc7 38. Nxc7 Qxc7 39. Qd1 Kg6 40. Qb3 Nc8 41. Ra1 Qd7
42. Nf5 Bd8 43. Ke2 Ne7 44. Ne3 Ng8 45. Nd1 Nf6 46. Rh2 Ne8 47. Nc3 h5 48.
gxh5+ Rxh5 49. Rxh5 Rxh5 50. g4 Rh2+ 51. Ke3 Nf6 52. Rg1 Rh3 53. Kf2 Qe8 54.
Qd1 Qh8 55. Ke2 Rh2+ 56. Kd3 Qh3 57. Ke3 Qh4 58. Qe1 Qh3 59. Qg3 Qh8 60. Nd1
Rh3 61. Qf2 Kg7 62. Ke2 Nh7 63. Ne3 Kg6 64. Nf5 Bc7 65. Qe3 Rh2+ 66. Kd3 f6 67.
Ng3 Nf8 68. Nh5 Kf7 69. Qe1 Ng6 70. Qg3 Rh4 71. Qg2 Qh6 72. Kc3 Nf4 73. Bxf4
gxf4 74. Rh1 Rxh1 75. Qxh1 Kg6 76. Kd3 Bd8 77. Ke2 Be7 78. Kf2 Qg5 79. Kg2 Qh6
80. Qd1 Qf8 81. Qb3 Qe8 82. Kh3 Bd8 83. Qd1 Qd7 84. b3 Qh7 1/2-1/2

[Event "Sparkassen-Open A"]
[Site "Heusenstamm, Martinsee"]
[Date "2016.11.27"]
[Round "6.65"]
[White "Skarke, Harald"]
[Black "Lotz, Ralf"]
[Result "1/2-1/2"]
[WhiteElo "2013"]
[BlackElo "1900"]
[PlyCount "25"]
[EventDate "2016.??.??"]
[WhiteTeam "SF Neuberg"]
[BlackTeam "SC Obertshausen"]

1. e4 c6 2. d4 d5 3. e5 e6 4. Nf3 c5 5. c3 Nc6 6. a3 Bd7 7. b4 cxd4 8. cxd4 Rc8
9. Bb2 f6 10. exf6 Nxf6 11. Bd3 Bd6 12. O-O O-O 13. Nc3 1/2-1/2

[Event "Sparkassen-Open A"]
[Site "Heusenstamm, Martinsee"]
[Date "2016.11.27"]
[Round "6.66"]
[White "Will, Jens"]
[Black "Thomas, Tobias"]
[Result "1-0"]
[WhiteElo "2011"]
[BlackElo "1842"]
[PlyCount "159"]
[EventDate "2016.??.??"]
[WhiteTeam "SK Gernsheim"]
[BlackTeam "SK Langen"]

1. c4 e5 2. Nc3 Nc6 3. g3 f5 4. Bg2 Nf6 5. d3 Bc5 6. a3 a5 7. e3 O-O 8. Nge2 d6
9. O-O Qe8 10. d4 Bb6 11. Nd5 Nxd5 12. cxd5 Ne7 13. dxe5 dxe5 14. d6 Nc6 15.
dxc7 Bxc7 16. Qb3+ Kh8 17. Re1 Rb8 18. Bd2 Be6 19. Qb5 e4 20. Bc3 Bd7 21. Qb3
Ne5 22. Bxe5 Bxe5 23. Bf1 Qe6 24. Qxe6 Bxe6 25. Nd4 Bxd4 26. exd4 Rbd8 27. Red1
Rd6 28. Rac1 Rfd8 29. Rc7 R6d7 30. Rxd7 Rxd7 31. Bb5 Rd8 32. Kg2 h6 33. f3 Bd5
34. fxe4 Bxe4+ 35. Kf2 Kg8 36. Ke3 Kf7 37. Rc1 Kf6 38. Rc7 Rd6 39. Rc5 b6 40.
Rc8 Kg5 41. Be2 Kf6 42. Rc7 g6 43. Bb5 h5 44. h4 Bd5 45. Kf4 Re6 46. Bd3 Rd6
47. Bc2 Be6 48. Ke3 Bd5 49. Rc8 Be6 50. Re8 Bf7 51. Re5 Rd5 52. Rxd5 Bxd5 53.
Kf4 Bc4 54. Bd1 Bd5 55. Be2 Be4 56. Bc4 Bc6 57. d5 Be8 58. d6 Bd7 59. Bg8 Bc6
60. Bc4 Bd7 61. Bd5 Be8 62. Bb3 Bc6 63. Bg8 Be8 64. b3 a4 65. b4 b5 66. Bd5 Bd7
67. Bb7 Ke6 68. Kg5 Be8 69. d7 Bxd7 70. Kxg6 Be8+ 71. Kg5 Ke5 72. Bf3 Kd4 73.
Bxh5 Bxh5 74. Kxh5 Kc3 75. Kg5 Kb3 76. h5 Kxa3 77. h6 Kb2 78. h7 a3 79. h8=Q+
Kb1 80. Kxf5 1-0

[Event "Sparkassen-Open A"]
[Site "Heusenstamm, Martinsee"]
[Date "2016.11.27"]
[Round "6.68"]
[White "Bittner, Peter"]
[Black "Blübaum, Johanna"]
[Result "0-1"]
[WhiteElo "1922"]
[BlackElo "1974"]
[PlyCount "186"]
[EventDate "2016.??.??"]
[WhiteTeam "SC Nied"]
[BlackTeam "SV Königsspringer Lemgo"]

1. e4 e6 2. d4 d5 3. Nd2 Nf6 4. e5 Nfd7 5. f4 c5 6. c3 Nc6 7. Ngf3 Qb6 8. Qb3
c4 9. Qxb6 axb6 10. Be2 b5 11. O-O Be7 12. b4 Nb6 13. Bd1 Na4 14. Bxa4 bxa4 15.
a3 Na7 16. Re1 Nb5 17. Re3 Bd7 18. Nf1 O-O 19. g3 f6 20. exf6 gxf6 21. Ra2 Kf7
22. Kf2 Rg8 23. Rae2 Nd6 24. Nh4 Rae8 25. Nd2 h5 26. Ke1 Bf8 27. Kd1 Bh6 28.
Kc2 Rg4 29. Rf3 Re7 30. Rf1 Kf8 31. Ndf3 Be8 32. Rfe1 Ne4 33. Nd2 f5 34. Ndf3
Rg8 35. Ne5 Reg7 36. Be3 Ke7 37. Rb1 Kd6 38. Rc1 Rh7 39. Rb1 Bg7 40. Rd1 Bf6
41. Nef3 Bd8 42. Rg2 Rhg7 43. Re2 Nf6 44. Bc1 Nd7 45. Rde1 Bf7 46. Ng5 Nf8 47.
Nhf3 Rh8 48. Nxf7+ Rxf7 49. Ne5 Rg7 50. Nf3 Rh6 51. Ng5 h4 52. gxh4 Re7 53. Nf3
Ng6 54. Rg1 Nxh4 55. Ng5 Kd7 56. Bd2 Bc7 57. Rge1 Rf6 58. Rf1 Ng6 59. Rg2 Nf8
60. Kd1 Rh6 61. Be1 Kc6 62. Bg3 Nd7 63. Re2 Nb6 64. Rfe1 Kd7 65. Nf3 Nc8 66.
Bh4 Re8 67. Bg5 Rh3 68. Re3 Rh7 69. h4 Nd6 70. Kc2 Ne4 71. Ne5+ Bxe5 72. dxe5
d4 73. cxd4 Kc6 74. Rxe4 fxe4 75. Rxe4 Kd5 76. Re2 Kxd4 77. Rd2+ Ke4 78. Kc3 b5
79. Rd6 Rb7 80. h5 Kf5 81. h6 Rh8 82. Rc6 Rhh7 83. Rc8 Rbd7 84. Rf8+ Rhf7 85.
Rb8 Rd3+ 86. Kb2 Rb3+ 87. Kc2 Rxa3 88. Rxb5 Rc7 89. Ra5 Rb7 90. b5 c3 91. Bf6
Kxf4 92. Bg7 Rd7 93. Kc1 Rd2 0-1

[Event "Sparkassen-Open A"]
[Site "Heusenstamm, Martinsee"]
[Date "2016.11.27"]
[Round "6.69"]
[White "Büse, Ralf"]
[Black "Krastev, Alexander"]
[Result "1/2-1/2"]
[WhiteElo "1898"]
[BlackElo "1981"]
[PlyCount "89"]
[EventDate "2016.??.??"]
[WhiteTeam "SC Ladja Roßdorf"]
[BlackTeam "Biebertaler SF"]

1. d4 Nf6 2. Bf4 e6 3. e3 Be7 4. Nd2 O-O 5. Ngf3 Nh5 6. Bg3 b6 7. Bd3 Nxg3 8.
hxg3 h6 9. Qe2 c5 10. c3 Nc6 11. g4 d6 12. O-O-O e5 13. d5 Nb8 14. g5 Bxg5 15.
Nxg5 Qxg5 16. Ne4 Qe7 17. g4 f6 18. f4 exf4 19. exf4 f5 20. gxf5 Bxf5 21. Rdg1
Kh8 22. Qg2 Nd7 23. Re1 Rae8 24. Ng3 Qxe1+ 25. Rxe1 Rxe1+ 26. Kd2 Bxd3 27. Kxe1
Rxf4 28. Qd2 Rf3 29. Qg2 Ne5 30. b3 g5 31. Kd2 g4 32. Qh2 Kh7 33. Qh4 Kg6 34.
Qh5+ Kh7 35. Qh4 Rf7 36. Qd8 Rd7 37. Qf6 Bg6 38. Ne2 h5 39. Nf4 g3 40. Ne6 g2
41. Nf8+ Kh6 42. Qf4+ Kg7 43. Ne6+ Kh7 44. Nf8+ Kg7 45. Ne6+ 1/2-1/2

[Event "Sparkassen-Open A"]
[Site "Heusenstamm, Martinsee"]
[Date "2016.11.27"]
[Round "6.70"]
[White "Blank, Stefan"]
[Black "Mehringer, Jörg"]
[Result "1-0"]
[WhiteElo "1828"]
[BlackElo "1965"]
[PlyCount "57"]
[EventDate "2016.??.??"]
[WhiteTeam "SC Sulzbach"]
[BlackTeam "Schachpinguine Berlin"]

1. e4 g6 2. d4 Bg7 3. c4 d6 4. Nc3 Nf6 5. f3 O-O 6. Be3 Na6 7. Qd2 c5 8. Nge2
cxd4 9. Nxd4 Nc5 10. Bh6 Bxh6 11. Qxh6 Qb6 12. Qd2 Ne6 13. Nxe6 Bxe6 14. b3 Qc5
15. Bd3 Nh5 16. g4 Nf6 17. Nd5 Bxd5 18. exd5 Rfe8 19. O-O-O a5 20. Kb1 b5 21.
g5 bxc4 22. Bxc4 Nd7 23. h4 Reb8 24. Rc1 a4 25. h5 axb3 26. Bxb3 Qa7 27. Qb2
Ne5 28. Rc3 Qd4 29. Rc8+ 1-0

[Event "Sparkassen-Open A"]
[Site "Heusenstamm, Martinsee"]
[Date "2016.11.27"]
[Round "6.71"]
[White "Rudolph, Lukas"]
[Black "Fröhlich-Dill, Astrid"]
[Result "1/2-1/2"]
[WhiteElo "1874"]
[BlackElo "1827"]
[PlyCount "95"]
[EventDate "2016.??.??"]
[WhiteTeam "SK Niederbrechen"]
[BlackTeam "SV Hofheim"]

1. e4 e6 2. d4 b6 3. Bd3 Bb7 4. Ne2 c5 5. O-O c4 6. Bxc4 Bxe4 7. Nbc3 Bb7 8. d5
Qc7 9. Bb3 Bd6 10. h3 a6 11. Ne4 Bh2+ 12. Kh1 Be5 13. f4 Nf6 14. fxe5 Nxe4 15.
Qd4 Nc5 16. Qf4 O-O 17. d6 Qc6 18. Qg4 Nxb3 19. cxb3 Qe4 20. Rf4 Qxe5 21. Bd2
h5 22. Qg3 Qxe2 23. Rf2 Qe4 24. Bc3 Qg6 25. Qe3 Bd5 26. Qxb6 Nc6 27. Qe3 f5 28.
Qf4 Rae8 29. Kh2 e5 30. Qd2 e4 31. Qxd5+ Kh7 32. g3 Re6 33. Rd1 e3 34. Re2 f4
35. gxf4 Rxf4 36. Rg1 Rxd6 37. Rxg6 Rxd5 38. Rxg7+ Kh6 39. Reg2 Rf2 40. Rxf2
exf2 41. Rf7 Kg6 42. Rxf2 Ne5 43. Kg2 d6 44. Re2 Kf5 45. b4 h4 46. Rf2+ Ke4 47.
Re2+ Kf5 48. Rf2+ 1/2-1/2

[Event "Sparkassen-Open A"]
[Site "Heusenstamm, Martinsee"]
[Date "2016.11.27"]
[Round "6.72"]
[White "Kail, Sindy"]
[Black "Sanati, Charlotte"]
[Result "0-1"]
[WhiteElo "1848"]
[BlackElo "1961"]
[PlyCount "66"]
[EventDate "2016.??.??"]
[WhiteTeam "SK Klingenberg"]
[BlackTeam "SG Trier"]

1. d4 d5 2. c4 c6 3. Nc3 Nf6 4. Nf3 e6 5. Bg5 Nbd7 6. cxd5 cxd5 7. e3 Qa5 8.
Qa4 Qxa4 9. Nxa4 Bb4+ 10. Nc3 Ne4 11. Rc1 Nb6 12. a3 Nxc3 13. axb4 Ne4 14. Bb5+
Bd7 15. Bxd7+ Kxd7 16. Bf4 Rhc8 17. Ne5+ Ke7 18. O-O Nd2 19. Rfd1 Nb3 20. Rc3
Rxc3 21. bxc3 Rc8 22. Nd3 Rxc3 23. Nc5 Nxc5 24. bxc5 Nc4 25. Bb8 Ra3 26. Kf1
Kd7 27. Ke2 Kc6 28. Rd3 Rxd3 29. Kxd3 a5 30. Kc3 Kb5 31. Bc7 Ka4 32. Bd6 b5 33.
Bf8 b4+ 0-1

[Event "Sparkassen-Open A"]
[Site "Heusenstamm, Martinsee"]
[Date "2016.11.27"]
[Round "6.73"]
[White "Reinecke, Katharina"]
[Black "Weil, Michael"]
[Result "1/2-1/2"]
[WhiteElo "1804"]
[BlackElo "1957"]
[PlyCount "47"]
[EventDate "2016.??.??"]
[WhiteTeam "SK Langen"]
[BlackTeam "SC Steinbach"]

1. d4 d5 2. c4 e6 3. Nf3 f5 4. g3 c6 5. Bg2 Bd6 6. O-O Nf6 7. b3 O-O 8. Ba3
Bxa3 9. Nxa3 Bd7 10. Nc2 Be8 11. Nce1 Bh5 12. Ne5 Nbd7 13. Nxd7 Nxd7 14. Nd3 g5
15. Qd2 Qf6 16. e3 Bf7 17. Rac1 h5 18. Rc2 h4 19. cxd5 exd5 20. b4 a6 21. a4
Nb6 22. b5 axb5 23. axb5 Nc4 24. Qb4 1/2-1/2

[Event "Sparkassen-Open A"]
[Site "Heusenstamm, Martinsee"]
[Date "2016.11.27"]
[Round "6.74"]
[White "Rutsatz, Mario"]
[Black "Mager, Thomas"]
[Result "1-0"]
[WhiteElo "1956"]
[BlackElo "1832"]
[PlyCount "99"]
[EventDate "2016.??.??"]
[WhiteTeam "SF Frankfurt"]
[BlackTeam "vereinslos"]

1. c4 f5 2. Nc3 Nf6 3. g3 g6 4. Bg2 Bg7 5. Nf3 d6 6. d3 e5 7. O-O O-O 8. Bg5 c6
9. c5 Re8 10. cxd6 Qxd6 11. Qb3+ Kh8 12. Rac1 Nbd7 13. Rfd1 Nb6 14. Qc2 Be6 15.
d4 e4 16. Ne5 Nfd5 17. Nxd5 Qxd5 18. b3 Bxe5 19. dxe5 Qxe5 20. Bf4 Qf6 21. h4
Bd5 22. Be3 Kg8 23. Bd4 Qf7 24. Bb2 h5 25. Qc3 Kh7 26. f3 Rac8 27. Qa5 Qc7 28.
f4 Re7 29. Be5 Qd8 30. Bf6 Qc7 31. Bxe7 Qxe7 32. e3 Ra8 33. Qc5 Qf7 34. Bf1 Nd7
35. Qd4 Nf6 36. Rd2 a6 37. Be2 Rf8 38. Qb2 Qe7 39. b4 Qf7 40. a4 b5 41. axb5
axb5 42. Ra1 Qe7 43. Qd4 Rf7 44. Rdd1 Qb7 45. Ra5 Kh6 46. Rda1 Qe7 47. Ra7 Qf8
48. Rxf7 Bxf7 49. Qxf6 Qxb4 50. Qh8# 1-0

[Event "Sparkassen-Open A"]
[Site "Heusenstamm, Martinsee"]
[Date "2016.11.27"]
[Round "6.75"]
[White "Vangsgaard, Freja"]
[Black "Schmieder, Stefan"]
[Result "1-0"]
[WhiteElo "1948"]
[BlackElo "1821"]
[PlyCount "43"]
[EventDate "2016.??.??"]
[WhiteTeam "Vejlby-Risskov"]
[BlackTeam "SC Bad Soden"]

1. d4 d5 2. c4 e6 3. Nc3 Be7 4. cxd5 exd5 5. Nf3 c6 6. Bf4 Nf6 7. e3 Bf5 8. Be2
Nbd7 9. Nh4 Be6 10. Qc2 g6 11. Nf3 Bf5 12. Qd1 Bf8 13. h3 h5 14. O-O Bg7 15. b4
O-O 16. Qb3 a6 17. a4 Qe7 18. b5 axb5 19. axb5 c5 20. Nxd5 Nxd5 21. Qxd5 Be4
22. Qd6 1-0

[Event "Sparkassen-Open A"]
[Site "Heusenstamm, Martinsee"]
[Date "2016.11.27"]
[Round "6.76"]
[White "Kulenovic, Adnan"]
[Black "Lehmann, Tim"]
[Result "0-1"]
[WhiteElo "1941"]
[BlackElo "1703"]
[PlyCount "102"]
[EventDate "2016.??.??"]
[WhiteTeam "SV Kinzigtal"]
[BlackTeam "SV Lahn Limburg"]

1. a3 Nf6 2. c4 g6 3. Nc3 Bg7 4. g3 O-O 5. Bg2 d6 6. d4 Nbd7 7. e3 e5 8. Nge2
c6 9. b4 Qc7 10. O-O Re8 11. Bb2 Nf8 12. Rc1 N6d7 13. a4 a6 14. Ba3 exd4 15.
exd4 Nf6 16. Qd2 Bf5 17. d5 Ne4 18. Nxe4 Bxe4 19. f3 Bf5 20. Nd4 Bd7 21. Nb3
Qb8 22. a5 cxd5 23. c5 dxc5 24. bxc5 Bc6 25. f4 Ne6 26. f5 Nc7 27. Bb2 Bxb2 28.
Qxb2 Nb5 29. Rce1 Rxe1 30. Rxe1 Qf8 31. f6 Re8 32. Qd2 Rxe1+ 33. Qxe1 Nc7 34.
Qe3 Qe8 35. Kf2 Qxe3+ 36. Kxe3 Ne8 37. Nd4 Nc7 38. Nxc6 bxc6 39. Bh3 Ne6 40.
Bxe6 fxe6 41. g4 h6 42. Kf4 Kf7 43. Ke5 d4 44. Kxd4 Kxf6 45. h4 h5 46. g5+ Kf5
47. Kd3 Kf4 48. Kd4 e5+ 49. Kd3 Kf3 50. Kd2 e4 51. Ke1 Ke3 0-1

[Event "Sparkassen-Open A"]
[Site "Heusenstamm, Martinsee"]
[Date "2016.11.27"]
[Round "6.77"]
[White "Musiolik, David"]
[Black "Ebeling, Leander"]
[Result "1-0"]
[WhiteElo "1874"]
[BlackElo "1691"]
[PlyCount "91"]
[EventDate "2016.??.??"]
[WhiteTeam "SC Ramstein"]
[BlackTeam "SK Mainaschaff"]

1. e4 c6 2. d4 d5 3. Nc3 dxe4 4. Nxe4 Bf5 5. Ng3 Bg6 6. h4 h6 7. Nf3 Nd7 8. h5
Bh7 9. Bd3 Bxd3 10. Qxd3 Ngf6 11. Bd2 e6 12. O-O-O Be7 13. Kb1 O-O 14. c4 Qc7
15. Ne4 Nxe4 16. Qxe4 Nf6 17. Qe2 Rfd8 18. g3 c5 19. Bf4 Qa5 20. d5 Qb6 21.
Rde1 e5 22. Nxe5 Re8 23. Qf3 Bd6 24. Re2 Re7 25. Rhe1 Rae8 26. Ng4 Rxe2 27.
Nxf6+ gxf6 28. Rxe2 Rxe2 29. Qxe2 Bxf4 30. gxf4 Qc7 31. Qe3 Qd7 32. Qd3 Qd6 33.
f5 Kh7 34. a3 b6 35. Ka2 a6 36. a4 Kh8 37. Qe3 Qf8 38. Qf4 Qg7 39. d6 Qf8 40.
d7 Qd8 41. Qxh6+ Kg8 42. Qd2 Kg7 43. h6+ Kh7 44. Qd5 b5 45. Qxf7+ Kxh6 46. Qg6#
1-0

[Event "Sparkassen-Open A"]
[Site "Heusenstamm, Martinsee"]
[Date "2016.11.27"]
[Round "6.78"]
[White "Rack, Matthias"]
[Black "Flach, Helene"]
[Result "1/2-1/2"]
[WhiteElo "2038"]
[BlackElo "1820"]
[PlyCount "33"]
[EventDate "2016.??.??"]
[WhiteTeam "SF Neuberg"]
[BlackTeam "SK Langen"]

1. Nf3 d5 2. d4 Nf6 3. g3 e6 4. Bg2 Be7 5. c4 O-O 6. O-O Nbd7 7. c5 Re8 8. Nc3
Nf8 9. Ne5 c6 10. b4 Ng6 11. Nxg6 hxg6 12. a4 b6 13. Qd3 bxc5 14. bxc5 Qa5 15.
Bd2 Ba6 16. Qc2 Qd8 17. Rfe1 1/2-1/2

[Event "Sparkassen-Open A"]
[Site "Heusenstamm, Martinsee"]
[Date "2016.11.27"]
[Round "6.79"]
[White "Bernhart, Joseph"]
[Black "Bachmann, Nick"]
[Result "1/2-1/2"]
[WhiteElo "1945"]
[BlackElo "1803"]
[PlyCount "89"]
[EventDate "2016.??.??"]
[WhiteTeam "SG Kaiserslautern"]
[BlackTeam "SG Wächtersbach"]

1. d4 Nf6 2. Bf4 g6 3. e3 Bg7 4. Nf3 O-O 5. h3 d6 6. Be2 Nbd7 7. O-O c6 8. c3
Re8 9. a4 a6 10. a5 b5 11. axb6 Qxb6 12. b4 e5 13. Bh2 exd4 14. exd4 c5 15. Na3
Ne4 16. Rc1 cxb4 17. Nc4 Qa7 18. cxb4 d5 19. Ne3 Qb7 20. Qa4 Bf8 21. Rc7 Qxb4
22. Qc6 Rb8 23. Nxd5 Qa5 24. Ne3 Qb6 25. Qc2 Bd6 26. Bxd6 Qxd6 27. Rc6 Qf4 28.
Bxa6 Bxa6 29. Rxa6 Nxf2 30. Qxf2 Qxe3 31. Qxe3 Rxe3 32. Ra7 Rd8 33. Rc1 Kf8 34.
Rcc7 Ke8 35. Ng5 Rd3 36. Nxf7 Kxf7 37. Rxd7+ Rxd7 38. Rxd7+ Ke6 39. Rxh7 Rxd4
40. Kf2 Kf6 41. Rc7 Rd3 42. Rc2 Kg5 43. Re2 Kf4 44. Rc2 g5 45. g3+ 1/2-1/2

[Event "Sparkassen-Open A"]
[Site "Heusenstamm, Martinsee"]
[Date "2016.11.27"]
[Round "6.80"]
[White "Cors, Heinz-Friedrich"]
[Black "Paeslack, Luis"]
[Result "1-0"]
[WhiteElo "1925"]
[BlackElo "1796"]
[PlyCount "107"]
[EventDate "2016.??.??"]
[WhiteTeam "Schachforum Darmstadt"]
[BlackTeam "SK Mainaschaff"]

1. e4 c5 2. Nf3 d6 3. d4 cxd4 4. Nxd4 Nf6 5. Nc3 a6 6. Be2 e6 7. O-O Be7 8. a4
O-O 9. Be3 Bd7 10. Kh1 Nc6 11. Nb3 Rc8 12. a5 Ne5 13. Bb6 Qe8 14. Nd2 Bb5 15.
Nxb5 axb5 16. b3 Qc6 17. Ra2 d5 18. Bd4 Ng6 19. exd5 Nxd5 20. c4 bxc4 21. bxc4
Nb4 22. Rb2 Rfd8 23. Be3 Ne5 24. Qb1 Qa4 25. Bb6 Rd7 26. c5 Ned3 27. Bd1 Qb5
28. Be2 Qa4 29. Rb3 Bxc5 30. Bxd3 Nxd3 31. Rxd3 Bxb6 32. axb6 Rxd3 33. Qxd3 Qa5
34. Qd7 Rf8 35. Nc4 Qc5 36. Qc7 Qd4 37. Ne3 Qe4 38. h3 f5 39. Rd1 f4 40. Qc4
Qg6 41. Ng4 h5 42. Ne5 Qf5 43. Nf3 g5 44. Nd4 Qd5 45. Qxd5 exd5 46. Rc1 Rf6 47.
Rc8+ Rf8 48. Rc7 Rf7 49. Nb5 g4 50. Nd6 Rf6 51. Nc8 gxh3 52. gxh3 d4 53. Rxb7
Rf8 54. Ne7+ 1-0

[Event "Sparkassen-Open A"]
[Site "Heusenstamm, Martinsee"]
[Date "2016.11.27"]
[Round "6.81"]
[White "Hinz, André"]
[Black "Vangsgaard, Claus"]
[Result "0-1"]
[WhiteElo "1693"]
[BlackElo "1923"]
[PlyCount "176"]
[EventDate "2016.??.??"]
[WhiteTeam "SC Brett vorm Kopp"]
[BlackTeam "Vejlby-Risskov"]

1. c4 Nf6 2. g3 g6 3. Bg2 Bg7 4. Nc3 O-O 5. d4 d6 6. Nf3 c5 7. O-O Nc6 8. h3
cxd4 9. Nxd4 Nxd4 10. Qxd4 Be6 11. Qh4 Qb6 12. Rb1 Qa6 13. b3 Rac8 14. Bb2 Bd7
15. Rfd1 Rfe8 16. a4 Bc6 17. Bd5 Nxd5 18. Nxd5 Bxd5 19. Rxd5 Bxb2 20. Rxb2 b6
21. Rbd2 Rc5 22. Qg4 Qc8 23. Qxc8 Rexc8 24. Kg2 Kf8 25. f4 Ke8 26. Kf3 Kd7 27.
g4 Kc6 28. R5d4 Kb7 29. e4 a6 30. g5 b5 31. Rc2 bxc4 32. b4 R5c6 33. Ke3 R8c7
34. Rd1 a5 35. b5 Rc5 36. Rd5 e5 37. Rxd6 exf4+ 38. Kxf4 c3 39. Ke3 Rc4 40. Rd4
Rb4 41. Kd3 Rb3 42. Rd6 Ra3 43. Rd4 Ra1 44. e5 Rd1+ 45. Ke3 Rh1 46. h4 Rh3+ 47.
Ke2 Re7 48. Kf1 Rxe5 49. Rd7+ Kb8 50. Kg2 Rxh4 51. Rxc3 Rxg5+ 52. Kf2 Rf4+ 53.
Ke2 Re5+ 54. Kd2 Rxa4 55. b6 Ra2+ 56. Kd3 Rb2 57. Rdc7 Rxb6 58. Rc8+ Kb7 59.
R8c7+ Ka6 60. Rxf7 Rh5 61. Rcc7 Kb5 62. Rf1 g5 63. Rc8 Rh3+ 64. Kd4 Rh4+ 65.
Kd5 Rb4 66. Ra1 a4 67. Rg8 h6 68. Rh1 Rb3 69. Rc1 Kb4 70. Rf8 Rb2 71. Rc4+ Ka3
72. Kc5 Rb7 73. Kc6 R7b4 74. Kc5 Rxc4+ 75. Kxc4 Rc2+ 76. Kd3 Rh2 77. Rb8 Ka2
78. Rb6 h5 79. Ke3 g4 80. Kf4 a3 81. Kg5 g3 82. Kf4 h4 83. Kf3 Rf2+ 84. Ke3 Rb2
85. Rg6 h3 86. Kf3 h2 87. Rxg3 h1=Q+ 88. Kg4 Rg2 0-1